Moving art

Bibliographic Details
Main Author: Devonshire, Hilary
Other Authors: Fairclough, Chris (photography by)
Format: Book
Published: London : Franklin Watts , 1990
Series:Fresh Start
Subjects:

MARC

LEADER 00000cam a2200000 7i4500
001 0000005524
002 000005973
005 20081110.0
020 |a 0749601426 
090 0 0 |a 745.5   |b DEV 
100 1 |a Devonshire, Hilary 
245 1 0 |a Moving art   |c Hilary Devonshire ; photography by Chris Fairclough 
260 |a London :   |b Franklin Watts ,   |c 1990 
300 |a 48p. :   |b ill. ;   |c 27cm. 
490 0 |a Fresh Start 
650 0 0 |a Models and model making   |x Juvenile literature 
700 1 |a Fairclough, Chris ,   |e photography by 
999 |a 027165   |b BUKU   |c JUNIOR BOOKS   |e PERPUSTAKAAN KOMUNITI PETALING JAYA